| 000 | 00000nam 2200000za 4500 |
| 001 | 9.856063 |
| 003 | CaOODSP |
| 005 | 20250819135153 |
| 007 | cr ||||||||||| |
| 008 | 180502s2018 onca o f000 0 fre d |
| 040 | |aCaOODSP|bfre |
| 043 | |an-cn--- |
| 086 | 1 |aFC5-50/2018F-PDF |
| 245 | 00|aRapport d’avancement |h[ressource électronique] : |bplan national de recherche du Canada sur la littératie financière 2016-2018. |
| 246 | 30|aPlan national de recherche du Canada sur la littératie financière 2016-2018 |
| 260 | |a[Ottawa] : |bAgence de la consommation en matière financière du Canada, |c2018. |
| 300 | |a38 p. : |bill. en coul. |
| 500 | |aPubl. aussi en anglais sous le titre : Progress report: Canada’s national research plan on financial literacy 2016-2018. |
| 500 | |aTitre de la couv. |
| 500 | |a« Avril 2018. » |
| 500 | |aPubl. aussi en format HTML. |
| 520 | |a« Le présent rapport décrit l’état d’avancement de la recherche sur la littératie financière au Canada depuis l’annonce du Plan national de recherche sur la littératie financière 2016-2018 » -- P. 2. |
| 693 | 4|aCulture financière |
| 693 | 4|aRecherche |
| 710 | 2 |aAgence de la consommation en matière financière du Canada. |
| 775 | 08|tProgress report |w(CaOODSP)9.856060 |
| 856 | 40|qPDF|s1.62 Mo|uhttps://publications.gc.ca/collections/collection_2018/acfc-fcac/FC5-50-2018-fra.pdf |
| 856 | 4 |qHTML|sS.O.|uhttps://www.canada.ca/fr/agence-consommation-matiere-financiere/programmes/recherche/rapport-davancement-plan-national-recherche-2016-2018.html |